[Event "Titled Tuesday intern op 06th Sep Late"]
[Site "Chess.com INT"]
[Date "2022.09.06"]
[Round "9"]
[White "Bartholomew, John"]
[Black "Bayo Milagro, Alvaro"]
[Result "1-0"]
[WhiteElo "2446"]
[BlackElo "2285"]
[PlyCount "35"]
[EventDate "2022.09.06"]
[EventType "swiss (blitz)"]
[EventRounds "11"]
[EventCountry "USA"]
[SourceTitle "EXT 2023"]
[Source "ChessBase"]
[SourceDate "2022.10.05"]
[SourceVersion "1"]
[SourceVersionDate "2022.10.05"]
[SourceQuality "1"]

1. d4 Nf6 2. c4 e6 3. Nf3 d5 4. Bg5 Be7 5. Nc3 0-0 6. e3 h6 7. Bh4 b6 8. cxd5 Nxd5 9. Bxe7 Qxe7 10. Nxd5 exd5 11. Bd3 c5 12. 0-0 Nc6 13. dxc5 bxc5 14. Rc1 Be6 15. Qa4 Rfc8 16. Ba6 Rc7 17. a3 Bg4 18. Qxg4 1-0

[Event "Titled Tuesday intern op 06th Sep Late"]
[Site "Chess.com INT"]
[Date "2022.09.06"]
[Round "6"]
[White "Bartholomew, John"]
[Black "Yurovskich, Oleksandr"]
[Result "1/2-1/2"]
[WhiteElo "2446"]
[BlackElo "2328"]
[PlyCount "211"]
[EventDate "2022.09.06"]
[EventType "swiss (blitz)"]
[EventRounds "11"]
[EventCountry "USA"]
[SourceTitle "EXT 2023"]
[Source "ChessBase"]
[SourceDate "2022.10.05"]
[SourceVersion "1"]
[SourceVersionDate "2022.10.05"]
[SourceQuality "1"]

1. d4 d5 2. c4 e6 3. Nc3 Nf6 4. cxd5 Nxd5 5. e4 Nxc3 6. bxc3 c5 7. Nf3 cxd4 8. cxd4 Bb4+ 9. Bd2 Bxd2+ 10. Qxd2 0-0 11. Bc4 Nd7 12. 0-0 b6 13. Rfe1 Bb7 14. a4 Nf6 15. Bd3 h6 16. a5 a6 17. axb6 Qxb6 18. Rab1 Qa7 19. Qf4 Rac8 20. h4 Rfd8 21. g4 Rc3 22. Rbd1 Qb8 23. Qxb8 Rxb8 24. Ne5 Rd8 25. g5 hxg5 26. hxg5 Nd7 27. Nc4 Nf8 28. Bf1 Ng6 29. Na5 Ba8 30. Bxa6 Nh4 31. Re3 Nf3+ 32. Kf1 Rxe3 33. fxe3 Bxe4 34. Nb7 Bxb7 35. Bxb7 Nxg5 36. Ke2 Nh7 37. e4 Nf6 38. Ke3 Ne8 39. e5 Nc7 40. Bc6 Nd5+ 41. Bxd5 Rxd5 42. Rc1 g6 43. Rc7 Kg7 44. Ke4 Ra5 45. Rc2 Ra1 46. Rg2 Re1+ 47. Kf4 Rf1+ 48. Ke4 Kf8 49. Rh2 Ke7 50. Rh8 Rg1 51. Rg8 Rg4+ 52. Ke3 Rh4 53. Ra8 Rh3+ 54. Ke4 Rb3 55. Kf4 Rb7 56. Ke4 Rd7 57. Rb8 Rd8 58. Rb7+ Ke8 59. Ra7 Kf8 60. Rb7 Kg7 61. Ra7 g5 62. Ra1 Kg6 63. Rf1 Ra8 64. Rf6+ Kg7 65. Rf1 Ra3 66. Rg1 Kg6 67. Rf1 Ra2 68. Rf6+ Kg7 69. Rf1 Re2+ 70. Kf3 Rd2 71. Ke4 Rg2 72. Kf3 Rh2 73. Ke4 Rh4+ 74. Ke3 Kg6 75. Rf6+ Kg7 76. Rf1 Rg4 77. Rf2 Kf8 78. Rf1 Ke7 79. Rh1 Rg3+ 80. Ke4 Rg2 81. Rh8 Rg4+ 82. Ke3 Rh4 83. Rg8 Rh5 84. Ke4 f5+ 85. exf6+ Kxf6 86. Rf8+ Ke7 87. Rg8 Kf7 88. Ra8 Rh4+ 89. Ke5 Rh1 90. Ra7+ Kg6 91. Kxe6 Re1+ 92. Kd6 g4 93. Ra3 Kf5 94. d5 Kf4 95. Kd7 Re3 96. Ra4+ Re4 97. Ra1 g3 98. d6 Kf3 99. Rg1 Kf2 100. Rxg3 Kxg3 101. Kc7 Rd4 102. d7 Rc4+ 103. Kb7 Rd4 104. Kc7 Kf4 105. d8Q Rxd8 106. Kxd8 1/2-1/2

[Event "Titled Tuesday intern op 30th Aug Late"]
[Site "Chess.com INT"]
[Date "2022.08.30"]
[Round "7"]
[White "Bartholomew, John"]
[Black "Djokic, Mihailo"]
[Result "0-1"]
[WhiteElo "2446"]
[BlackElo "2197"]
[PlyCount "64"]
[EventDate "2022.08.30"]
[EventType "swiss (blitz)"]
[EventRounds "11"]
[EventCountry "USA"]
[SourceTitle "EXT 2023"]
[Source "ChessBase"]
[SourceDate "2022.10.05"]
[SourceVersion "1"]
[SourceVersionDate "2022.10.05"]
[SourceQuality "1"]

1. d4 Nf6 2. c4 g6 3. Nc3 Bg7 4. e4 d6 5. f3 0-0 6. Nge2 Nc6 7. Be3 a6 8. Qd2 Rb8 9. Nc1 e5 10. d5 Nd4 11. N1e2 c5 12. dxc6 bxc6 13. Nxd4 exd4 14. Bxd4 Re8 15. Be2 d5 16. cxd5 Rb4 17. Bc5 Nxe4 18. fxe4 Bxc3 19. Qxc3 Rbxe4 20. 0-0 Rxe2 21. dxc6 Qc7 22. Bd4 Be6 23. Bh8 f6 24. Qd3 Bf5 25. Rxf5 gxf5 26. Bxf6 Qxc6 27. Qg3+ Kf7 28. Qg7+ Ke6 29. Bc3 Re7 30. Qf6+ Kd7 31. Rd1+ Kc7 32. Qd4 Qxg2# 0-1

[Event "Titled Tuesday intern op 30th Aug Late"]
[Site "Chess.com INT"]
[Date "2022.08.30"]
[Round "2"]
[White "Bartholomew, John"]
[Black "Hnydiuk, Aleksander"]
[Result "1-0"]
[WhiteElo "2446"]
[BlackElo "2376"]
[PlyCount "89"]
[EventDate "2022.08.30"]
[EventType "swiss (blitz)"]
[EventRounds "11"]
[EventCountry "USA"]
[SourceTitle "EXT 2023"]
[Source "ChessBase"]
[SourceDate "2022.10.05"]
[SourceVersion "1"]
[SourceVersionDate "2022.10.05"]
[SourceQuality "1"]

1. d4 Nf6 2. c4 c5 3. d5 b5 4. cxb5 a6 5. e3 axb5 6. Bxb5 Qa5+ 7. Nc3 Bb7 8. Bd2 Qb6 9. Nf3 Nxd5 10. Nxd5 Bxd5 11. a4 e6 12. Bc3 Be7 13. Nd2 0-0 14. 0-0 Qb7 15. Qg4 f6 16. Rfd1 Bc6 17. Bf1 Na6 18. Nc4 Nb4 19. a5 Rf7 20. Nd6 Bxd6 21. Rxd6 Nd5 22. e4 Nxc3 23. bxc3 Qb2 24. Qd1 Qxc3 25. a6 Bxe4 26. a7 Bc6 27. h3 Rff8 28. Ra6 Qb4 29. Qa1 Qb7 30. Rd2 Qc7 31. Rb2 Qe5 32. Qa3 f5 33. Rc2 f4 34. Rxc5 Qf6 35. f3 Qd4+ 36. Kh1 Bb7 37. Raa5 Rfc8 38. Rxc8+ Bxc8 39. Rc5 Bb7 40. Rc7 Rxa7 41. Qc1 Bc6 42. Rxa7 Qxa7 43. Qxf4 Qb7 44. Kh2 Qb5 45. Bxb5 1-0

[Event "Titled Tuesday intern op 30th Aug Late"]
[Site "Chess.com INT"]
[Date "2022.08.30"]
[Round "6"]
[White "Hansen, Eric"]
[Black "Bartholomew, John"]
[Result "1-0"]
[WhiteElo "2606"]
[BlackElo "2446"]
[PlyCount "67"]
[EventDate "2022.08.30"]
[EventType "swiss (blitz)"]
[EventRounds "11"]
[EventCountry "USA"]
[SourceTitle "EXT 2023"]
[Source "ChessBase"]
[SourceDate "2022.10.05"]
[SourceVersion "1"]
[SourceVersionDate "2022.10.05"]
[SourceQuality "1"]

1. e4 d5 2. exd5 Qxd5 3. Nc3 Qa5 4. Bc4 Nf6 5. d3 Bg4 6. Nge2 Bxe2 7. Qxe2 e6 8. Bd2 c6 9. g4 Qd8 10. f4 Be7 11. f5 exf5 12. gxf5 Nbd7 13. Rg1 Kf8 14. 0-0-0 Bc5 15. Rxg7 Kxg7 16. Qg2+ Kf8 17. Bh6+ Ke7 18. Re1+ Ne5 19. Rxe5+ Kd7 20. Rxc5 Qe7 21. b4 Rhg8 22. Qf2 Rae8 23. Kb2 Kc8 24. Bf4 Nd7 25. Ne4 Nxc5 26. bxc5 Rd8 27. Qe3 Rge8 28. Qh3 f6 29. Be6+ Rd7 30. Bd6 Qg7 31. Qh4 Rxe6 32. fxe6 f5+ 33. Qf6 Qxf6+ 34. Nxf6 1-0

[Event "Titled Tuesday intern op 30th Aug Late"]
[Site "Chess.com INT"]
[Date "2022.08.30"]
[Round "1"]
[White "Ozalp, Burak"]
[Black "Bartholomew, John"]
[Result "0-1"]
[WhiteElo "2206"]
[BlackElo "2446"]
[PlyCount "80"]
[EventDate "2022.08.30"]
[EventType "swiss (blitz)"]
[EventRounds "11"]
[EventCountry "USA"]
[SourceTitle "EXT 2023"]
[Source "ChessBase"]
[SourceDate "2022.10.05"]
[SourceVersion "1"]
[SourceVersionDate "2022.10.05"]
[SourceQuality "1"]

1. e4 d5 2. exd5 Qxd5 3. Nc3 Qa5 4. d4 Nf6 5. Bd2 Bg4 6. Be2 Bxe2 7. Qxe2 c6 8. Nf3 e6 9. 0-0 Nbd7 10. Rfe1 Bb4 11. Ne4 Nxe4 12. Bxb4 Qxb4 13. Qxe4 0-0 14. Rab1 Qa4 15. a3 Rad8 16. h3 h6 17. b3 Qa5 18. a4 Nf6 19. Qh4 Qc3 20. Rbc1 Rd5 21. Re3 Qb2 22. Rce1 Qxc2 23. Qf4 Rfd8 24. g4 a5 25. Kg2 R5d6 26. h4 Nd5 27. Qe4 Nxe3+ 28. Rxe3 Qxe4 29. Rxe4 Rd5 30. Kg3 g5 31. h5 Kg7 32. Kg2 b5 33. Kf1 bxa4 34. bxa4 Rb8 35. Ne5 Rb4 36. Nxc6 Rxa4 37. Re2 Rc4 38. Ne5 Rcxd4 39. Nf3 Rd1+ 40. Kg2 Ra1 0-1

[Event "Titled Tuesday intern op 16th Aug Late"]
[Site "Chess.com INT"]
[Date "2022.08.16"]
[Round "4"]
[White "Bartholomew, John"]
[Black "Filgueira, Hernan"]
[Result "1-0"]
[WhiteElo "2446"]
[BlackElo "2283"]
[PlyCount "157"]
[EventDate "2022.08.16"]
[EventType "swiss (blitz)"]
[EventRounds "11"]
[EventCountry "USA"]
[SourceTitle "EXT 2023"]
[Source "ChessBase"]
[SourceDate "2022.10.05"]
[SourceVersion "1"]
[SourceVersionDate "2022.10.05"]
[SourceQuality "1"]

1. d4 d5 2. c4 c6 3. Nf3 Nf6 4. Nbd2 g6 5. e3 Bg7 6. b3 0-0 7. Bb2 Bg4 8. Be2 e6 9. 0-0 Nbd7 10. h3 Bxf3 11. Nxf3 a5 12. Qc2 Re8 13. Bd3 Qb8 14. Rfc1 Qd6 15. a3 Rec8 16. c5 Qb8 17. b4 b5 18. cxb6 Qxb6 19. Bc3 axb4 20. axb4 Bf8 21. Qb2 Rcb8 22. Rcb1 Be7 23. Nd2 Ne8 24. Rxa8 Rxa8 25. b5 cxb5 26. Bxb5 Nef6 27. Bxd7 Qxb2 28. Rxb2 Nxd7 29. Rb7 Nf6 30. Rxe7 Ra3 31. Rc7 Ra2 32. Kf1 h5 33. Bb4 Rb2 34. Be7 Nh7 35. Nf3 Rb1+ 36. Ke2 Rb2+ 37. Nd2 Kg7 38. g4 hxg4 39. hxg4 g5 40. Bd6 Kg6 41. Be5 f6 42. Bd6 f5 43. gxf5+ exf5 44. Be5 g4 45. Rg7+ Kh6 46. Rd7 Kg6 47. Rd6+ Kh5 48. Rxd5 Ng5 49. Kd3 Nh3 50. Bg3 Kg6 51. Rd6+ Kg5 52. d5 Ra2 53. Rd8 Ra3+ 54. Kd4 f4 55. Bxf4+ Kf5 56. Rf8+ Kg6 57. Ne4 Ra4+ 58. Ke5 Ng1 59. d6 Nf3+ 60. Kd5 Ra5+ 61. Nc5 Ra7 62. d7 Rxd7+ 63. Nxd7 Kg7 64. Rf5 Kg6 65. e4 Ne1 66. Ne5+ Kg7 67. Nxg4 Nd3 68. Be5+ Kg6 69. Bg3 Nb4+ 70. Ke6 Nc6 71. Rf8 Nd4+ 72. Kd5 Nc2 73. Rg8+ Kf7 74. Nh6+ Ke7 75. Bh4+ Kd7 76. Rg7+ Ke8 77. e5 Nb4+ 78. Kd6 Nc6 79. Rg8# 1-0

[Event "Titled Tuesday intern op 16th Aug Late"]
[Site "Chess.com INT"]
[Date "2022.08.16"]
[Round "8"]
[White "Nozdrachev, Leonid"]
[Black "Bartholomew, John"]
[Result "0-1"]
[WhiteElo "2369"]
[BlackElo "2446"]
[PlyCount "88"]
[EventDate "2022.08.16"]
[EventType "swiss (blitz)"]
[EventRounds "11"]
[EventCountry "USA"]
[SourceTitle "EXT 2023"]
[Source "ChessBase"]
[SourceDate "2022.10.05"]
[SourceVersion "1"]
[SourceVersionDate "2022.10.05"]
[SourceQuality "1"]

1. e4 d5 2. exd5 Qxd5 3. Nc3 Qa5 4. d4 Nf6 5. Nf3 Bf5 6. Bc4 e6 7. Ne5 Nbd7 8. Nxd7 Nxd7 9. 0-0 c6 10. g4 Bg6 11. f4 0-0-0 12. Bd2 Qb6 13. Ne2 Nf6 14. Qe1 Qc7 15. f5 exf5 16. gxf5 Bh5 17. c3 Bd6 18. Ng3 Rde8 19. Qf2 Ne4 20. Nxe4 Rxe4 21. Rae1 Rhe8 22. Rxe4 Rxe4 23. Re1 Qe7 24. f6 Rxe1+ 25. Bxe1 gxf6 26. Qf5+ Kc7 27. Bf2 Bg6 28. Qf3 Be4 29. Qh3 f5 30. Qxh7 Qg5+ 31. Kf1 Qc1+ 32. Be1 Qf4+ 33. Bf2 Qc1+ 34. Be1 b5 35. Be2 Qf4+ 36. Bf2 Bd5 37. b3 Qe4 38. Qh3 f4 39. Qg4 Qb1+ 40. Be1 Qxa2 41. Bf3 Qxb3 42. Bxd5 Qxd5 43. Qg7 Kb6 44. Qf8 Qf3+ 0-1

[Event "Titled Tuesday intern op 09th Aug Late"]
[Site "Chess.com INT"]
[Date "2022.08.09"]
[Round "8"]
[White "Bartholomew, John"]
[Black "Ladan, Nicholas John"]
[Result "1-0"]
[WhiteElo "2446"]
[BlackElo "2149"]
[PlyCount "57"]
[EventDate "2022.08.09"]
[EventType "swiss (blitz)"]
[EventRounds "11"]
[EventCountry "USA"]
[SourceTitle "EXT 2023"]
[Source "ChessBase"]
[SourceDate "2022.10.05"]
[SourceVersion "1"]
[SourceVersionDate "2022.10.05"]
[SourceQuality "1"]

1. Nf3 d5 2. d4 Nf6 3. c4 e6 4. Bg5 Nbd7 5. Nc3 c6 6. e3 Qa5 7. cxd5 exd5 8. Bd3 Ne4 9. 0-0 Nxg5 10. Nxg5 Nf6 11. Qc2 h6 12. Nf3 Be7 13. Ne5 0-0 14. f4 Ng4 15. Rf3 Nxe5 16. fxe5 Bg5 17. Raf1 Bg4 18. Rg3 Bh5 19. Ne2 c5 20. Nf4 Bg6 21. Bxg6 fxg6 22. Qxc5 Qd2 23. Qxd5+ Kh7 24. Qe4 Rf5 25. h4 Bxf4 26. Rxf4 Qe1+ 27. Kh2 Raf8 28. Rxf5 Rxf5 29. e6 1-0

[Event "Titled Tuesday intern op 09th Aug Late"]
[Site "Chess.com INT"]
[Date "2022.08.09"]
[Round "3"]
[White "Esipenko, Andrey"]
[Black "Bartholomew, John"]
[Result "1-0"]
[WhiteElo "2692"]
[BlackElo "2446"]
[PlyCount "105"]
[EventDate "2022.08.09"]
[EventType "swiss (blitz)"]
[EventRounds "11"]
[EventCountry "USA"]
[SourceTitle "EXT 2023"]
[Source "ChessBase"]
[SourceDate "2022.10.05"]
[SourceVersion "1"]
[SourceVersionDate "2022.10.05"]
[SourceQuality "1"]

1. e4 d5 2. exd5 Qxd5 3. Nc3 Qa5 4. d4 Nf6 5. Nf3 Bf5 6. Ne5 c6 7. a3 Nbd7 8. Nc4 Qd8 9. Bf4 Nb6 10. Ne3 Bg6 11. h4 h6 12. h5 Bh7 13. Bd3 Bxd3 14. Qxd3 e6 15. 0-0-0 Bd6 16. Be5 Qc7 17. f4 0-0-0 18. Kb1 Kb8 19. g3 a6 20. Qe2 Nbd5 21. Ncxd5 cxd5 22. c4 Ka8 23. Bxf6 gxf6 24. cxd5 exd5 25. Rc1 Qa5 26. Qd3 Rhe8 27. Nf5 Bf8 28. Ka2 Rc8 29. Rc2 Qa4 30. Rhc1 Qd7 31. Rxc8+ Rxc8 32. Rxc8+ Qxc8 33. Ne3 Qe6 34. Qb3 Qe4 35. Nxd5 Qxd4 36. Nc7+ Ka7 37. Qxf7 f5 38. Qd5 Qb6 39. Ne6 Be7 40. Qxf5 Qc6 41. Nd4 Qc4+ 42. Nb3 Bd8 43. Qc5+ Qxc5 44. Nxc5 Bb6 45. Ne4 Bd4 46. b4 b5 47. Kb3 Kb7 48. g4 Kc6 49. g5 Kd5 50. Nc5 Be3 51. g6 Bd4 52. f5 Bg7 53. Ne6 1-0

[Event "Titled Tuesday intern op 02nd Aug Late"]
[Site "Chess.com INT"]
[Date "2022.08.02"]
[Round "5"]
[White "Bartholomew, John"]
[Black "Al Tarbosh, Ward"]
[Result "1-0"]
[WhiteElo "2446"]
[BlackElo "2203"]
[PlyCount "127"]
[EventDate "2022.08.02"]
[EventType "swiss (blitz)"]
[EventRounds "11"]
[EventCountry "USA"]
[SourceTitle "EXT 2023"]
[Source "ChessBase"]
[SourceDate "2022.10.05"]
[SourceVersion "1"]
[SourceVersionDate "2022.10.05"]
[SourceQuality "1"]

1. Nf3 d5 2. d4 Nf6 3. c4 c6 4. cxd5 cxd5 5. Nc3 Nc6 6. Bf4 a6 7. Rc1 Bf5 8. Ne5 e6 9. e3 Nxe5 10. dxe5 Nd7 11. Be2 Be7 12. g4 Bg6 13. Bg3 Bh4 14. f4 0-0 15. Qd4 Rc8 16. 0-0 Bxg3 17. hxg3 f6 18. exf6 Qxf6 19. g5 Qe7 20. e4 dxe4 21. Nxe4 e5 22. Qd5+ Kh8 23. Rxc8 Rxc8 24. f5 Bf7 25. Qxb7 Rb8 26. Qc7 Bd5 27. f6 Qd8 28. Qxd8+ Rxd8 29. Nc3 Bb7 30. f7 Nf8 31. Bc4 g6 32. Rf6 Kg7 33. Rb6 Rd7 34. Kf1 Rc7 35. b3 Nd7 36. Rd6 Nf8 37. Ke1 a5 38. Nb5 Re7 39. a4 e4 40. Nd4 e3 41. Ne6+ Nxe6 42. Bxe6 Bc8 43. Bxc8 Kxf7 44. Rd7 Rxd7 45. Bxd7 Ke7 46. Bb5 Kd6 47. Ke2 Ke5 48. Kxe3 Kf5 49. b4 axb4 50. a5 b3 51. a6 b2 52. Bd3+ Kxg5 53. a7 h5 54. a8Q h4 55. Qd8+ Kh6 56. gxh4 Kg7 57. Qe7+ Kh6 58. Qg5+ Kg7 59. Qxg6+ Kf8 60. Qh7 b1R 61. Bxb1 Ke8 62. Qg7 Kd8 63. h5 Kc8 64. h6 1-0

[Event "Titled Tuesday intern op 02nd Aug Late"]
[Site "Chess.com INT"]
[Date "2022.08.02"]
[Round "2"]
[White "Bartholomew, John"]
[Black "Mekhane, Adam"]
[Result "1/2-1/2"]
[WhiteElo "2446"]
[BlackElo "2285"]
[PlyCount "88"]
[EventDate "2022.08.02"]
[EventType "swiss (blitz)"]
[EventRounds "11"]
[EventCountry "USA"]
[SourceTitle "EXT 2023"]
[Source "ChessBase"]
[SourceDate "2022.10.05"]
[SourceVersion "1"]
[SourceVersionDate "2022.10.05"]
[SourceQuality "1"]

1. Nf3 Nf6 2. c4 g6 3. Nc3 Bg7 4. e4 d6 5. d4 0-0 6. Be2 Na6 7. 0-0 e5 8. Be3 Ng4 9. Bg5 Qe8 10. dxe5 dxe5 11. h3 h6 12. hxg4 hxg5 13. Nxg5 c6 14. Qc2 Qe7 15. Nh3 Qh4 16. Rad1 Bxg4 17. Bxg4 Qxg4 18. f3 Qe6 19. Ne2 Bh6 20. g4 Rfd8 21. a3 Rd6 22. Rxd6 Qxd6 23. Rd1 Qe7 24. b4 Rd8 25. Kg2 Nc7 26. c5 Ne6 27. Rd3 Nd4 28. Nxd4 Rxd4 29. Rxd4 exd4 30. f4 Qh4 31. Qd1 g5 32. fxg5 Bxg5 33. Nxg5 Qxg5 34. Qxd4 Qxg4+ 35. Kf2 Qf4+ 36. Ke2 Qh2+ 37. Kd1 Qh1+ 38. Kc2 Qg2+ 39. Kb3 Qe2 40. Qd8+ Kg7 41. Qg5+ Kf8 42. Qd8+ Kg7 43. Qg5+ Kf8 44. Qd8+ Kg7 1/2-1/2

[Event "Titled Tuesday intern op 26th Jul Late"]
[Site "Chess.com INT"]
[Date "2022.07.26"]
[Round "1"]
[White "Bartholomew, John"]
[Black "Bogaudinov, Rushan"]
[Result "1-0"]
[WhiteElo "2446"]
[BlackElo "2023"]
[PlyCount "73"]
[EventDate "2022.07.26"]
[EventType "swiss (blitz)"]
[EventRounds "11"]
[EventCountry "USA"]
[SourceTitle "EXT 2023"]
[Source "ChessBase"]
[SourceDate "2022.10.05"]
[SourceVersion "1"]
[SourceVersionDate "2022.10.05"]
[SourceQuality "1"]

1. d4 d5 2. c4 c6 3. cxd5 cxd5 4. Nf3 e6 5. Nc3 Nc6 6. Bf4 a6 7. Rc1 Nf6 8. e3 Be7 9. Bd3 0-0 10. h3 Bd7 11. Ne5 Rc8 12. Bb1 Nxe5 13. dxe5 Ne8 14. Qd3 g6 15. Bh6 Ng7 16. h4 Bb5 17. Qd1 Re8 18. h5 Nf5 19. hxg6 hxg6 20. Bxf5 exf5 21. Nxb5 Rxc1 22. Qxc1 axb5 23. 0-0 Bg5 24. Bxg5 Qxg5 25. Qc7 Qe7 26. Qxe7 Rxe7 27. Rc1 Rxe5 28. Rc5 b4 29. Rb5 Re4 30. Rxd5 f4 31. Rd4 Re6 32. Rxf4 Rb6 33. b3 Kg7 34. g4 f6 35. Kg2 Kf7 36. g5 Ke6 37. Rxf6+ 1-0

[Event "Titled Tuesday intern op 26th Jul Late"]
[Site "Chess.com INT"]
[Date "2022.07.26"]
[Round "4"]
[White "Bartholomew, John"]
[Black "Kamsky, Gata"]
[Result "0-1"]
[WhiteElo "2446"]
[BlackElo "2655"]
[PlyCount "142"]
[EventDate "2022.07.26"]
[EventType "swiss (blitz)"]
[EventRounds "11"]
[EventCountry "USA"]
[SourceTitle "EXT 2023"]
[Source "ChessBase"]
[SourceDate "2022.10.05"]
[SourceVersion "1"]
[SourceVersionDate "2022.10.05"]
[SourceQuality "1"]

1. Nf3 Nf6 2. c4 b6 3. g3 Bb7 4. Bg2 c5 5. 0-0 e6 6. Nc3 Be7 7. d4 cxd4 8. Qxd4 0-0 9. Bg5 d6 10. Bxf6 Bxf6 11. Qf4 Bxc3 12. bxc3 Qe7 13. Rfd1 Rd8 14. Ng5 Nc6 15. Ne4 d5 16. cxd5 exd5 17. Ng5 h6 18. Nh3 Na5 19. e3 Rac8 20. Qd4 g5 21. f4 Nc4 22. Re1 f6 23. Nf2 Kg7 24. Rad1 Nd6 25. Bh3 Rc5 26. Qd2 Nb5 27. e4 d4 28. c4 Nc3 29. e5 fxe5 30. Rc1 e4 31. Rxc3 dxc3 32. Qxc3+ Qf6 33. Qe3 Qd4 34. Qe2 e3 35. Ng4 Qe4 36. Bg2 Qxg2+ 37. Qxg2 Bxg2 38. Kxg2 gxf4 39. gxf4 Rxc4 40. Kf3 Rf8 41. Nxe3 Rcxf4+ 42. Kg3 R4f7 43. Ng4 Kh7 44. Re6 Rg7 45. Rxh6+ Kg8 46. Re6 Rf5 47. Re2 Ra5 48. h3 Ra3+ 49. Kg2 Kf7 50. Rf2+ Ke6 51. Rd2 Kf5 52. Re2 Kf4 53. Rf2+ Ke4 54. Re2+ Kd4 55. Rf2 Kc4 56. Kh2 b5 57. Ne5+ Kd5 58. Ng4 Kc5 59. Ne5 b4 60. Ng4 a5 61. Rc2+ Kb5 62. Rf2 Rc3 63. Ne5 Ka4 64. h4 Ka3 65. Nf3 Rf7 66. Kg3 a4 67. h5 b3 68. axb3 axb3 69. h6 b2 70. h7 Rxh7 71. Kg4 b1Q 0-1

[Event "Titled Tuesday intern op 26th Jul Late"]
[Site "Chess.com INT"]
[Date "2022.07.26"]
[Round "11"]
[White "Bartholomew, John"]
[Black "Zeynalov, Rashad"]
[Result "1-0"]
[WhiteElo "2446"]
[BlackElo "2187"]
[PlyCount "159"]
[EventDate "2022.07.26"]
[EventType "swiss (blitz)"]
[EventRounds "11"]
[EventCountry "USA"]
[SourceTitle "EXT 2023"]
[Source "ChessBase"]
[SourceDate "2022.10.05"]
[SourceVersion "1"]
[SourceVersionDate "2022.10.05"]
[SourceQuality "1"]

1. d4 d5 2. c4 e6 3. Nc3 Nf6 4. cxd5 exd5 5. Bg5 Be7 6. e3 h6 7. Bh4 0-0 8. Bd3 c6 9. Qc2 Nbd7 10. Nf3 Re8 11. 0-0 Nh5 12. Bxe7 Qxe7 13. Rab1 Nhf6 14. b4 Ne4 15. Bxe4 dxe4 16. Nd2 Nf6 17. b5 Bd7 18. bxc6 Bxc6 19. Nc4 Rac8 20. Ne5 Nd5 21. Rfc1 Nxc3 22. Qxc3 f6 23. Qb3+ Kh7 24. Nxc6 Rxc6 25. Rxc6 bxc6 26. Qb7 Qa3 27. Qxc6 Qxa2 28. Rc1 Qe6 29. Qb7 Re7 30. Qb8 Qb6 31. Qc8 a5 32. h4 a4 33. h5 Qb5 34. Rc5 Qd7 35. Qb8 a3 36. Ra5 Qc7 37. Qxc7 Rxc7 38. Rxa3 Rc1+ 39. Kh2 Rf1 40. Kg3 Rh1 41. Kg4 Rh2 42. Kg3 Rxh5 43. Ra7 Rg5+ 44. Kh3 Rh5+ 45. Kg3 Rg5+ 46. Kh2 Rh5+ 47. Kg1 Kg6 48. Re7 f5 49. Kf1 Kf6 50. Ra7 Rh1+ 51. Ke2 Rb1 52. Ra6+ Kf7 53. g3 Rb2+ 54. Kf1 h5 55. Kg2 g5 56. Rh6 h4 57. gxh4 gxh4 58. Rxh4 Kf6 59. Rh6+ Kg5 60. Rh8 Rd2 61. Rg8+ Kf6 62. Kg3 Kf7 63. Ra8 Kf6 64. Ra6+ Kf7 65. Rb6 Ke7 66. Rh6 Kf7 67. Ra6 Ke7 68. Kf4 Rxf2+ 69. Ke5 Rf3 70. Ra7+ Kd8 71. d5 Rxe3 72. Kxf5 Rd3 73. Ke6 Rh3 74. Ra8+ Kc7 75. d6+ Kc6 76. Rc8+ Kb7 77. d7 Rh6+ 78. Ke5 Rh5+ 79. Kxe4 Rh4+ 80. Kf3 1-0

[Event "Titled Tuesday intern op 26th Jul Late"]
[Site "Chess.com INT"]
[Date "2022.07.26"]
[Round "3"]
[White "Bortnyk, Olexandr"]
[Black "Bartholomew, John"]
[Result "0-1"]
[WhiteElo "2604"]
[BlackElo "2446"]
[PlyCount "80"]
[EventDate "2022.07.26"]
[EventType "swiss (blitz)"]
[EventRounds "11"]
[EventCountry "USA"]
[SourceTitle "EXT 2023"]
[Source "ChessBase"]
[SourceDate "2022.10.05"]
[SourceVersion "1"]
[SourceVersionDate "2022.10.05"]
[SourceQuality "1"]

1. d4 d5 2. Nc3 Nf6 3. Bf4 a6 4. e3 Bf5 5. Nf3 h6 6. Bd3 Bxd3 7. cxd3 e6 8. Qb3 b6 9. Rc1 Bd6 10. Ne5 0-0 11. h3 Nfd7 12. 0-0 Bxe5 13. dxe5 c5 14. Bg3 Nc6 15. f4 b5 16. Qd1 c4 17. d4 Nb4 18. f5 Nd3 19. f6 gxf6 20. Bh4 Kh7 21. Bxf6 Qe8 22. Qh5 Rg8 23. Rc2 Rg6 24. Bh4 Qg8 25. Kh1 Rf8 26. Be7 Re8 27. Bd6 f5 28. exf6 Rxf6 29. Rxf6 Nxf6 30. Qf3 Qg6 31. Qf1 b4 32. Ne2 Ne4 33. Bc7 Re7 34. Bf4 Rf7 35. Kh2 Nd6 36. Rd2 Ne4 37. Rc2 a5 38. Qd1 Ndf2 39. Qg1 Ng5 40. Bxg5 Qxc2 0-1

[Event "Titled Tuesday intern op 26th Jul Late"]
[Site "Chess.com INT"]
[Date "2022.07.26"]
[Round "2"]
[White "Cremisi, Daniel Josef"]
[Black "Bartholomew, John"]
[Result "0-1"]
[WhiteElo "2161"]
[BlackElo "2446"]
[PlyCount "56"]
[EventDate "2022.07.26"]
[EventType "swiss (blitz)"]
[EventRounds "11"]
[EventCountry "USA"]
[SourceTitle "EXT 2023"]
[Source "ChessBase"]
[SourceDate "2022.10.05"]
[SourceVersion "1"]
[SourceVersionDate "2022.10.05"]
[SourceQuality "1"]

1. d4 d6 2. Nf3 Nf6 3. c4 Nbd7 4. Nc3 e5 5. e4 Be7 6. d5 Nc5 7. Qc2 a5 8. Be3 b6 9. Be2 0-0 10. 0-0 Ng4 11. Bd2 f5 12. Ne1 Nf6 13. f3 f4 14. Nd3 g5 15. a3 Nxd3 16. Bxd3 g4 17. b4 gxf3 18. gxf3 Bh3 19. Rfb1 Kh8 20. Kh1 Rg8 21. Bf1 Qd7 22. Qd3 Rg6 23. Bxh3 Qxh3 24. Rg1 Ng4 25. Qe2 Nxh2 26. Qxh2 Qxf3+ 27. Rg2 Rag8 28. Rag1 Rg3 0-1

[Event "Titled Tuesday intern op 10th Nov"]
[Site "Chess.com INT"]
[Date "2020.11.10"]
[Round "2"]
[White "Bartholomew, John"]
[Black "Hryzlova, Sofiia"]
[Result "0-1"]
[WhiteElo "2446"]
[BlackElo "2064"]
[PlyCount "152"]
[EventDate "2020.11.10"]
[EventType "swiss (blitz)"]
[EventRounds "11"]
[EventCountry "USA"]
[SourceTitle "CBM 199 Extra"]
[Source "ChessBase"]
[SourceDate "2021.01.31"]
[SourceVersion "1"]
[SourceVersionDate "2021.01.31"]
[SourceQuality "1"]

1. Nf3 d5 2. g3 Nf6 3. Bg2 b6 4. c4 Bb7 5. cxd5 Nxd5 6. d4 e6 7. 0-0 Be7 8. Re1 0-0 9. e4 Nf6 10. Nc3 Na6 11. Bf4 c5 12. Qe2 cxd4 13. Rad1 Nc5 14. Nxd4 Qc8 15. Ndb5 a6 16. Bd6 axb5 17. Bxe7 b4 18. Bxf8 Qxf8 19. e5 Bxg2 20. Kxg2 bxc3 21. exf6 Rxa2 22. fxg7 Qa8+ 23. Qf3 Qxf3+ 24. Kxf3 c2 25. Rd8+ Kxg7 26. Rc1 Rxb2 27. Rc8 Rb3+ 28. Ke2 Rc3 29. f3 b5 30. Rb8 Nb3 31. Rxc2 Rxc2+ 32. Ke3 Rxh2 33. Rxb5 Nc1 34. g4 Re2+ 35. Kf4 Nd3+ 36. Kg3 Re5 37. Rb3 Nc5 38. Rb5 Nd7 39. Rb7 Nf6 40. Rb1 Rd5 41. Kf4 Kg6 42. Rh1 h6 43. Kg3 Rg5 44. Rb1 Rd5 45. Kf4 Rd3 46. Kg3 Rd4 47. Kf2 Rd3 48. Ke2 Ra3 49. Kf2 Nd5 50. Kg3 e5 51. Rb5 Rd3 52. Ra5 f6 53. Ra8 Nf4 54. Rg8+ Kf7 55. Ra8 Kg7 56. Ra7+ Kg6 57. Ra8 Rd2 58. Rg8+ Kf7 59. Ra8 Rg2+ 60. Kh4 Rh2+ 61. Kg3 Rh3+ 62. Kf2 Rh2+ 63. Kg3 Rg2+ 64. Kh4 Rg1 65. Ra7+ Kg6 66. Ra8 Rh1+ 67. Kg3 Ne2+ 68. Kf2 Nd4 69. Kg2 Rd1 70. Rg8+ Kf7 71. Rh8 Rd2+ 72. Kg3 Kg7 73. Rd8 Rd3 74. Rd7+ Kg6 75. Kh4 Nxf3+ 76. Kg3 Rxd7 0-1